| 000 | 00846cam a2200277 i 4500 | ||
|---|---|---|---|
| 001 | 3232592 | ||
| 003 | ARRUPE | ||
| 005 | 20240709151236.0 | ||
| 008 | 790320s1976 enk 000 0 eng | ||
| 010 | _a 79300806 | ||
| 015 | _aGB*** | ||
| 040 |
_aDLC _cDLC _dDLC |
||
| 050 | 0 | 0 | _aPR-9381-1 |
| 082 | 0 | 0 | _a822 |
| 100 | 0 |
_aNgũgĩ wa Thiongʾo, _d1938- _929778 |
|
| 245 | 1 | 4 |
_aThe trial of Dedan Kimathi / _cNgugi wa Thiong'o and Micere Githae Mugo. |
| 260 |
_aLondon : _bHeinemann Educational Books, _c1976. |
||
| 300 |
_aix, 85 p. ; _c19 cm. |
||
| 500 | _aPlay. | ||
| 600 | 1 | 0 |
_aKimathi, Dedan, _d1920-1957 _xDrama. _941789 |
| 610 | 2 | 0 |
_aMau Mau _xDrama. _941790 |
| 651 | 0 |
_aKenya _xDrama. _941791 |
|
| 700 | 1 |
_aMugo, Micere Githae, _ejoint author. _932369 |
|
| 906 |
_a7 _bcbc _corignew _d3 _encip _f19 _gy-gencatlg |
||
| 942 |
_2lcc _cMONOGRAPH |
||
| 999 |
_c128029 _d128029 |
||